000 00383pab a2200157 454500
008 180718b2003 xxu||||| |||| 00| 0 eng d
100 _aTyndale, Wendy
245 _aIdealism and practicality: the role of religion in development
260 _c2003
300 _ap.22-28.
362 _aDec
650 _aIdealism
650 _aReligion
773 _aDevelopment
909 _a59484
999 _c59484
_d59484